An invitation to health : (Record no. 120750)
[ view plain ]
| 000 -LEADER | |
|---|---|
| fixed length control field | 00549nam a22002175i 4500 |
| 001 - CONTROL NUMBER | |
| control field | 19869620 |
| 005 - DATE AND TIME OF LATEST TRANSACTION | |
| control field | 20201222090552.0 |
| 008 - FIXED-LENGTH DATA ELEMENTS--GENERAL INFORMATION | |
| fixed length control field | 170808s2017 mau 000 0 eng |
| 020 ## - INTERNATIONAL STANDARD BOOK NUMBER | |
| International Standard Book Number | 9781337392891 |
| 020 ## - INTERNATIONAL STANDARD BOOK NUMBER | |
| International Standard Book Number | 9781337557238 |
| 040 ## - CATALOGING SOURCE | |
| Transcribing agency | PK-LaUMT |
| 082 ## - DEWEY DECIMAL CLASSIFICATION NUMBER | |
| Classification number | 613 |
| Item number | HAL-I |
| 100 1# - MAIN ENTRY--PERSONAL NAME | |
| Personal name | Hales, Dianne |
| 245 13 - TITLE STATEMENT | |
| Title | An invitation to health : |
| Remainder of title | your future / |
| Statement of responsibility, etc | by Dianne Hales |
| 250 ## - EDITION STATEMENT | |
| Edition statement | 18th ed. |
| 260 ## - PUBLICATION, DISTRIBUTION, ETC. (IMPRINT) | |
| Place of publication, distribution, etc | Boston : |
| Name of publisher, distributor, etc | Cengage, |
| Date of publication, distribution, etc | 2019 |
| 300 ## - PHYSICAL DESCRIPTION | |
| Extent | 601 p. |
| 650 ## - SUBJECT ADDED ENTRY--TOPICAL TERM | |
| Topical term or geographic name as entry element | Health science |
| 650 ## - SUBJECT ADDED ENTRY--TOPICAL TERM | |
| Topical term or geographic name as entry element | Self-care, health |
| 942 ## - ADDED ENTRY ELEMENTS (KOHA) | |
| Koha item type | Books |
| Withdrawn status | Lost status | Damaged status | Home library | Current library | Date acquired | Full call number | Barcode | Date last seen | Price effective from | Koha item type |
|---|---|---|---|---|---|---|---|---|---|---|
| UMT Main Campus | UMT Main Campus | 2020-12-22 | 613 HAL-I | 135929 | 2020-12-22 | 2020-12-22 | Books |
